000 01004nam a2200277Ia 4500
003 GCL
008 140319s9999 xx 000 0 ara d
020 _a2571208977
040 _aGCL /
_cGCL
082 0 4 _aق
_b417.932
_bس ل
100 1 _aسامح مقار
245 1 0 _aاللهجة العامية وجذورها المصرية /
_cسامح مقار
250 _aالاولى
260 _aالقاهرة :
_bمكتبة مدبولى ،
_c2006
300 _a211 ص ؛
_c24 سم
650 0 4 _aالكتابة الهيروغليفية
650 0 4 _aالاسماء الجغرافية
650 0 4 _aالامثال العامية المصرية
650 0 4 _aاللهجة المصرية
650 0 4 _aاللغة العربية - اللهجات
650 0 4 _aاللغة العربية - مصر
650 0 4 _aالامثال الشعبية - مصر
650 0 4 _aاسماء المدن - تاريخ - مصر
650 0 4 _aاللغة العربية - العامية - مصر
942 _2ddc
_cBK
999 _c9496
_d9496